| 000 | 00653pam a2200193 a 4500 | ||
|---|---|---|---|
| 020 | _a0761402543 (set) | ||
| 040 | _cDLC | ||
| 082 | 0 | 0 | _a574 MAR 1996 A023 Or. |
| 245 | 0 | 0 | _aEncyclopedia of life sciences / |
| 260 |
_aTarrytown, N.Y. : _bMarshall Cavendish Corp., _cc1996. |
||
| 300 |
_a11 v. (1584 p.) : _bill. (some col.), col. maps ; _c31 cm. |
||
| 520 | _aAn encyclopedia covering the disciplines of zoology, botany, evolutionary science, medicine, physiology, human anatomy, cytology, and genetics. | ||
| 650 | 0 | _aLife sciences | |
| 650 | 0 | _aBiology | |
| 650 | 1 | _aBiology | |
| 650 | 1 | _aLife sciences | |
| 700 | 1 | _aO'Daly, Anne, | |
| 942 | _cEK | ||
| 999 |
_c16315 _d16315 |
||